[Event "119th Scottish Championship"]
[Site "Glasgow"]
[Date "2012.07.08"]
[Round "2"]
[White "Grove, Michael"]
[Black "Berry, Neil"]
[Result "1/2-1/2"]
[WhiteElo "1955"]
[BlackElo "2254"]
[PlyCount "34"]
[EventDate "2012.07.07"]
[EventType "swiss"]
[EventRounds "9"]
[EventCountry "SCO"]
[Source "Chess Scotland"]
[SourceDate "2012.07.24"]

1. e4 e5 2. Nf3 Nc6 3. d4 exd4 4. Nxd4 Nf6 5. Nxc6 bxc6 6. e5 Qe7 7. Qe2 Nd5 8.
c4 Nb6 9. Nd2 a5 10. g3 Ba6 11. b3 g6 12. Ne4 Bg7 13. Bg5 Qb4+ 14. Bd2 Qe7 15.
Bg5 Qb4+ 16. Bd2 Qe7 17. Bg5 Qb4+ 1/2-1/2

[Event "119th Scottish Championship"]
[Site "Glasgow"]
[Date "2012.07.08"]
[Round "2"]
[White "Bannink, Bernard"]
[Black "Hilton, Stephen H"]
[Result "1-0"]
[WhiteElo "2258"]
[BlackElo "1918"]
[PlyCount "113"]
[EventDate "2012.07.07"]
[EventType "swiss"]
[EventRounds "9"]
[EventCountry "SCO"]
[Source "Chess Scotland"]
[SourceDate "2012.07.24"]

1. d4 Nf6 2. Nf3 g6 3. Nc3 Bg7 4. e4 d6 5. Be3 O-O 6. Qd2 Re8 7. O-O-O c6 8. h3
Qa5 9. Kb1 b5 10. Nd5 Qxd2 11. Nxf6+ Bxf6 12. Rxd2 a6 13. e5 Bg7 14. Bf4 d5 15.
Ne1 a5 16. g4 Na6 17. Nd3 Nc7 18. Nc5 Ne6 19. Nxe6 Bxe6 20. Be3 Bc8 21. Bd3 Ba6
22. f4 b4 23. h4 Rab8 24. h5 a4 25. hxg6 hxg6 26. f5 Bxd3 27. Rxd3 Rb6 28. Bh6
Bxh6 29. Rxh6 Kg7 30. Rdh3 Rg8 31. fxg6 fxg6 32. Rh7+ Kf8 33. Rf3+ Ke8 34. Rff7
Rb7 35. Kc1 Rf8 36. e6 Rxf7 37. Rxf7 b3 38. cxb3 Rb4 39. bxa4 Rxa4 40. a3 Rxd4
41. Rg7 Kd8 42. Rxg6 Kc7 43. b3 Kd6 44. Kc2 c5 45. a4 Rf4 46. a5 Rf2+ 47. Kb1
d4 48. Rg8 Kxe6 49. Rc8 Kd5 50. g5 Rg2 51. a6 Rg1+ 52. Kb2 Rg2+ 53. Ka3 Rg1 54.
Ka4 d3 55. Kb5 Ra1 56. Rd8+ Ke4 57. g6 1-0

[Event "119th Scottish Championship"]
[Site "Glasgow"]
[Date "2012.07.08"]
[Round "2"]
[White "Marks, Ian A"]
[Black "MacQueen, Calum"]
[Result "0-1"]
[WhiteElo "1914"]
[BlackElo "2233"]
[PlyCount "70"]
[EventDate "2012.07.07"]
[EventType "swiss"]
[EventRounds "9"]
[EventCountry "SCO"]
[Source "Chess Scotland"]
[SourceDate "2012.07.24"]

1. d4 Nf6 2. c4 c5 3. d5 Ne4 4. Qc2 Qa5+ 5. Nd2 Nd6 6. e4 g6 7. Bd3 Bg7 8. Ngf3
Na6 9. a3 b5 10. cxb5 Nxb5 11. O-O O-O 12. Nc4 Qc7 13. Bd2 d6 14. h3 Rb8 15.
Rab1 Bd7 16. Bg5 Rfe8 17. Qd2 Nd4 18. Nxd4 Bxd4 19. Kh1 Qc8 20. Be3 Bxe3 21.
Qxe3 Nc7 22. f4 Nb5 23. f5 gxf5 24. Qg5+ Kh8 25. exf5 f6 26. Qh6 Rg8 27. Rbe1
Rg7 28. Rf2 Nd4 29. Qf4 Rb3 30. Be4 Qa6 31. Rc1 Bb5 32. Ne3 Ne2 33. Rxe2 Bxe2
34. Rc2 Bd3 35. Rd2 Qa4 0-1

[Event "119th Scottish Championship"]
[Site "Glasgow"]
[Date "2012.07.08"]
[Round "2"]
[White "O'Molloy, Eamonn"]
[Black "Bea, Boglarka"]
[Result "1-0"]
[WhiteElo "1904"]
[BlackElo "2178"]
[PlyCount "117"]
[EventDate "2012.07.07"]
[EventType "swiss"]
[EventRounds "9"]
[EventCountry "SCO"]
[Source "Chess Scotland"]
[SourceDate "2012.07.24"]

1. e4 c5 2. c3 d5 3. exd5 Qxd5 4. d4 Nf6 5. Nf3 Bg4 6. dxc5 Qxc5 7. Be3 Qc7 8.
h3 Bh5 9. Na3 a6 10. Qa4+ Nbd7 11. Be2 e5 12. Rd1 Rd8 13. O-O Be7 14. Qc4 Qb8
15. Qb3 b5 16. Nc2 O-O 17. Nb4 Qb7 18. Nd5 Nxd5 19. Rxd5 Qc7 20. a4 bxa4 21.
Qxa4 f5 22. Rfd1 Nb6 23. Bxb6 Qxb6 24. Rxd8 Bxd8 25. Nxe5 Be8 26. Qa2+ Kh8 27.
Qxa6 Qc7 28. Qd6 Rf6 29. Ng6+ hxg6 30. Qxd8 Qe5 31. Bc4 f4 32. Qd5 Qxd5 33.
Rxd5 Bc6 34. Rd8+ Kh7 35. h4 f3 36. Bg8+ Kh6 37. Be6 Kh7 38. Bg8+ Kh6 39. Bd5
Kh5 40. Rh8+ Kg4 41. gxf3+ Kf4 42. Bxc6 Rxc6 43. Rf8+ Ke5 44. Rd8 Rb6 45. Rd2
Kf4 46. Kg2 Ke5 47. Kg3 Rb3 48. Kg4 Kf6 49. Re2 Rb5 50. b4 g5 51. h5 Rf5 52.
Re4 Rd5 53. c4 Rd2 54. c5 Rxf2 55. c6 Rg2+ 56. Kh3 Rc2 57. b5 Rc5 58. Rb4 Ke7
59. b6 1-0

[Event "119th Scottish Championship"]
[Site "Glasgow"]
[Date "2012.07.08"]
[Round "2"]
[White "Brunello, Marina"]
[Black "Dawson, Alastair"]
[Result "1-0"]
[WhiteElo "2240"]
[BlackElo "1891"]
[PlyCount "81"]
[EventDate "2012.07.07"]
[EventType "swiss"]
[EventRounds "9"]
[EventCountry "SCO"]
[Source "Chess Scotland"]
[SourceDate "2012.07.24"]

1. e4 e6 2. d4 d5 3. Nd2 dxe4 4. Nxe4 Bd7 5. Nf3 Bc6 6. Bd3 Nd7 7. O-O Ngf6 8.
Ng3 Be7 9. c4 Bxf3 10. Qxf3 c6 11. b3 O-O 12. Bb2 a5 13. Rad1 a4 14. Bb1 axb3
15. axb3 Qb6 16. Qd3 Rfd8 17. Qe2 Nf8 18. Rd3 Ba3 19. c5 Qb5 20. Rf3 Bxb2 21.
Qxb2 Rd5 22. Bd3 Qa5 23. Bc4 Rg5 24. b4 Qd8 25. h3 h5 26. Rb1 Ng6 27. b5 h4 28.
Ne2 Nd5 29. bxc6 bxc6 30. Qb7 Nge7 31. Rfb3 Rc8 32. Qa7 Kh7 33. Rb8 e5 34. Ba6
exd4 35. Bxc8 Nxc8 36. Qa6 Qd7 37. Qxc8 Qe7 38. Qe8 Qxc5 39. Qe4+ f5 40. Qxh4+
Kg6 41. Qxd4 1-0

[Event "119th Scottish Championship"]
[Site "Glasgow"]
[Date "2012.07.08"]
[Round "2"]
[White "Lindner, Daniel"]
[Black "Roy, Ali"]
[Result "1-0"]
[WhiteElo "2198"]
[BlackElo "1822"]
[PlyCount "131"]
[EventDate "2012.07.07"]
[EventType "swiss"]
[EventRounds "9"]
[EventCountry "SCO"]
[Source "Chess Scotland"]
[SourceDate "2012.07.24"]

1. c4 c6 2. g3 d5 3. Nf3 Nf6 4. Bg2 dxc4 5. O-O Nbd7 6. Na3 Nb6 7. Qc2 Qd5 8.
b3 cxb3 9. axb3 g6 10. Bb2 Bg7 11. d3 O-O 12. Ne5 Qd8 13. Nac4 Be6 14. Rfd1 Qc7
15. d4 Nfd7 16. Nd3 f5 17. Rac1 Nd5 18. e3 Rac8 19. Ba3 N7f6 20. Nde5 Rfd8 21.
b4 Nd7 22. Nf3 N5b6 23. Na5 Bd5 24. b5 Nf6 25. bxc6 bxc6 26. Ne5 Bxg2 27. Kxg2
Nbd5 28. Naxc6 Bf8 29. Qb3 Qb6 30. Qxb6 axb6 31. Nxd8 Rxd8 32. Bb2 Ne4 33. Kf1
b5 34. Nc6 Ra8 35. Ra1 Rc8 36. Rac1 Ra8 37. Ra1 Rc8 38. Ra6 Nc7 39. Ra7 Nd5 40.
Ra6 Nd6 41. Rda1 Rc7 42. Ba3 Nc4 43. Bc5 Nd2+ 44. Kg2 Nb3 45. Rb1 Nxc5 46. dxc5
b4 47. Nxb4 Nxb4 48. Rxb4 Rxc5 49. Rba4 Kf7 50. g4 fxg4 51. Rxg4 Bg7 52. Rh4 h6
53. Rha4 Bf6 54. R6a5 Rc2 55. Kf3 Rb2 56. Kg3 Rb3 57. Ra3 Rb4 58. f3 g5 59. e4
Rb6 60. Kg4 Rb2 61. Ra2 Rb1 62. Kh5 Rf1 63. Rf5 Ke8 64. e5 Bg7 65. Kg6 e6 66.
Rf7 1-0

[Event "119th Scottish Championship"]
[Site "Glasgow"]
[Date "2012.07.08"]
[Round "2"]
[White "Findlay, James"]
[Black "Spencer, Edwin A"]
[Result "1/2-1/2"]
[WhiteElo "1746"]
[BlackElo "2145"]
[PlyCount "74"]
[EventDate "2012.07.07"]
[EventType "swiss"]
[EventRounds "9"]
[EventCountry "SCO"]
[Source "Chess Scotland"]
[SourceDate "2012.07.24"]

1. d4 f5 2. Nc3 d5 3. Nf3 c6 4. g3 Nd7 5. Bg2 Ngf6 6. Ng5 Nb6 7. O-O e6 8. f3
c5 9. Bf4 Nh5 10. Nh3 Nxf4 11. Nxf4 Nc4 12. e4 dxe4 13. fxe4 Qxd4+ 14. Qxd4
cxd4 15. Nb5 Bd6 16. exf5 Bxf4 17. Rxf4 e5 18. Rf2 Kd7 19. f6 gxf6 20. Rxf6 a6
21. Na3 Ke7 22. Rh6 Nxa3 23. bxa3 Bf5 24. Re1 Bxc2 25. Rxe5+ Kf7 26. Bxb7 Ra7
27. Bxa6 Bg6 28. Bc4+ Kg7 29. Rh4 d3 30. Rd4 Rxa3 31. Red5 Rc8 32. Rd7+ Kh6 33.
Bxd3 Rc1+ 34. Kg2 Rxa2+ 35. Kh3 Rh1 36. Bxg6 Rhxh2+ 37. Kg4 hxg6 1/2-1/2

[Event "119th Scottish Championship"]
[Site "Glasgow"]
[Date "2012.07.08"]
[Round "2"]
[White "Einarsson, Oskar Long"]
[Black "Herbold, Manfred"]
[Result "0-1"]
[WhiteElo "1587"]
[BlackElo "2143"]
[PlyCount "54"]
[EventDate "2012.07.07"]
[EventType "swiss"]
[EventRounds "9"]
[EventCountry "SCO"]
[Source "Chess Scotland"]
[SourceDate "2012.07.24"]

1. e4 g6 2. d4 Bg7 3. Nf3 d6 4. Be2 Nd7 5. O-O Ngf6 6. Nc3 O-O 7. h3 c5 8. Be3
cxd4 9. Nxd4 a6 10. Qd2 Re8 11. f4 b5 12. Bf3 e5 13. Nde2 exf4 14. Bxf4 Ne5 15.
b3 b4 16. Nd5 Nxf3+ 17. gxf3 Bxh3 18. Nxb4 a5 19. Nc6 Qb6+ 20. Ncd4 Bxf1 21.
Kxf1 d5 22. exd5 Nxd5 23. c3 Nxc3 24. Be3 Nxe2 25. Nf5 Rxe3 26. Nxg7 Rxf3+ 27.
Ke1 Qg1+ 0-1

[Event "119th Scottish Championship"]
[Site "Glasgow"]
[Date "2012.07.08"]
[Round "2"]
[White "Schmerwitz, Reinhard"]
[Black "McClement, Andrew"]
[Result "1-0"]
[WhiteElo "1874"]
[BlackElo "2075"]
[PlyCount "107"]
[EventDate "2012.07.07"]
[EventType "swiss"]
[EventRounds "9"]
[EventCountry "SCO"]
[Source "Chess Scotland"]
[SourceDate "2012.07.24"]

1. e4 c5 2. Nf3 d6 3. d4 cxd4 4. Nxd4 Nf6 5. Nc3 e6 6. Be2 a6 7. O-O Be7 8. Be3
Qc7 9. f4 O-O 10. a4 b6 11. Qe1 Bb7 12. Bf3 Nc6 13. Qg3 Nb4 14. Rf2 Rfd8 15.
Raf1 Rac8 16. h4 d5 17. e5 Ne4 18. Bxe4 dxe4 19. f5 exf5 20. Nxf5 Bf8 21. Nh6+
Kh8 22. Nxf7+ Kg8 23. Nxd8 Rxd8 24. Rf7 Qxf7 25. Rxf7 Kxf7 26. Qf2+ Kg8 27.
Bxb6 Re8 28. Bc5 e3 29. Bxe3 Rxe5 30. Qf4 Re8 31. Qc4+ Kh8 32. Qf7 Rb8 33. Qc7
Re8 34. Bf2 Ba8 35. Qf7 Bc6 36. Qf5 Bd6 37. h5 Kg8 38. h6 g6 39. Qg4 Kf7 40.
Qc4+ Re6 41. Kf1 Be7 42. Bc5 Nxc2 43. Nd1 Bxc5 44. Qxc5 Ne1 45. Qa7+ Kf6 46.
Qxh7 Nd3 47. Qh8+ Kf5 48. Qc8 Ne5 49. g4+ Kf6 50. Qf8+ Kg5 51. h7 Nd3 52. Qd8+
Rf6+ 53. Qxf6+ Kxf6 54. h8=Q+ 1-0

[Event "119th Scottish Championship"]
[Site "Glasgow"]
[Date "2012.07.08"]
[Round "2"]
[White "Mirza, Diana"]
[Black "Emery, Keith"]
[Result "1/2-1/2"]
[WhiteElo "1668"]
[BlackElo "1955"]
[PlyCount "45"]
[EventDate "2012.07.07"]
[EventType "swiss"]
[EventRounds "9"]
[EventCountry "SCO"]
[Source "Chess Scotland"]
[SourceDate "2012.07.24"]

1. e4 Nf6 2. e5 Nd5 3. c4 Nb6 4. d4 d6 5. f4 dxe5 6. fxe5 Nc6 7. Be3 Bf5 8. Nf3
e6 9. a3 Be7 10. Be2 O-O 11. O-O Qd7 12. Nc3 a6 13. Qd2 Na5 14. c5 Nb3 15. Qd1
Nxa1 16. cxb6 Nc2 17. Bf2 cxb6 18. Bd3 Nxd4 19. Nxd4 Bxd3 20. Qxd3 Rfd8 21. Rd1
Bc5 22. Qe4 Bxd4 23. Rxd4 1/2-1/2

[Event "119th Scottish Championship"]
[Site "Glasgow"]
[Date "2012.07.08"]
[Round "2"]
[White "Ridge, Michael"]
[Black "Sigurdsson, Birkir Karl"]
[Result "1-0"]
[WhiteElo "1927"]
[BlackElo "1709"]
[PlyCount "73"]
[EventDate "2012.07.07"]
[EventType "swiss"]
[EventRounds "9"]
[EventCountry "SCO"]
[Source "Chess Scotland"]
[SourceDate "2012.07.24"]

1. e4 e6 2. d3 d5 3. Nd2 Nf6 4. Ngf3 c5 5. g3 Nc6 6. Bg2 b6 7. O-O Bb7 8. Re1
Be7 9. c3 O-O 10. e5 Nd7 11. h4 Qc7 12. Qe2 Rac8 13. Nf1 Rfd8 14. Bf4 Nf8 15.
h5 h6 16. N1h2 d4 17. c4 b5 18. cxb5 Nb4 19. Ng4 Nd5 20. Bd2 a6 21. Rac1 Qb6
22. bxa6 Qxa6 23. b3 Qxa2 24. Ra1 Qb2 25. Nh4 Bxh4 26. gxh4 Bc6 27. Nxh6+ gxh6
28. Qg4+ Ng6 29. Bxh6 Kh7 30. hxg6+ Kxh6 31. Qg5+ Kg7 32. Bxd5 Rxd5 33. Qf6+
Kh6 34. gxf7+ Kh7 35. h5 Rg8+ 36. fxg8=Q+ Kxg8 37. Qxe6+ 1-0

[Event "119th Scottish Championship"]
[Site "Glasgow"]
[Date "2012.07.08"]
[Round "2"]
[White "Tsang, Sai Kong"]
[Black "McGowan, Daniel"]
[Result "1/2-1/2"]
[WhiteElo "1895"]
[BlackElo "2101"]
[PlyCount "96"]
[EventDate "2012.07.07"]
[EventType "swiss"]
[EventRounds "9"]
[EventCountry "SCO"]
[Source "Chess Scotland"]
[SourceDate "2012.07.24"]

1. d4 e6 2. Nf3 Nf6 3. g3 b6 4. Bg2 Bb7 5. O-O Be7 6. c4 c5 7. d5 exd5 8. cxd5
Bxd5 9. Nc3 Bc6 10. Qd3 O-O 11. Rd1 Qc8 12. e4 Qb7 13. Nd5 Bxd5 14. exd5 d6 15.
Ne5 Nbd7 16. Nc6 Rfe8 17. Bf4 Bf8 18. Re1 b5 19. b3 a6 20. Rad1 Rxe1+ 21. Rxe1
Re8 22. Rxe8 Nxe8 23. Qe2 Ndf6 24. g4 h6 25. h4 Qd7 26. g5 hxg5 27. hxg5 Qg4
28. Qxg4 Nxg4 29. Bh3 Ne5 30. Nxe5 dxe5 31. Bxe5 Bd6 32. f4 f6 33. Bd7 fxe5 34.
Bxe8 exf4 35. Bg6 Be7 36. Kf2 Bxg5 37. Kf3 Kf8 38. d6 c4 39. bxc4 bxc4 40. Kg4
c3 41. a4 a5 42. Kf3 Be7 43. dxe7+ Kxe7 44. Kxf4 Kd6 45. Ke3 Kc5 46. Kd3 Kb4
47. Kc2 Kxa4 48. Kxc3 Kb5 1/2-1/2

[Event "119th Scottish Championship"]
[Site "Glasgow"]
[Date "2012.07.08"]
[Round "2"]
[White "Brown, Ken A"]
[Black "O'Donnell, Conor"]
[Result "0-1"]
[WhiteElo "1773"]
[BlackElo "1939"]
[PlyCount "31"]
[EventDate "2012.07.07"]
[EventType "swiss"]
[EventRounds "9"]
[EventCountry "SCO"]
[Source "Chess Scotland"]
[SourceDate "2012.07.24"]

1. e4 c6 2. f4 d5 3. exd5 cxd5 4. Nf3 Bg4 5. Be2 Bxf3 6. Bxf3 e6 7. O-O Nc6 8.
c3 Bd6 9. d4 Qc7 10. Na3 Bxa3 11. bxa3 Nge7 12. g4 h5 13. c4 hxg4 14. Bxg4 dxc4
15. d5 Nxd5 16. Qe2 0-1

[Event "119th Scottish Championship"]
[Site "Glasgow"]
[Date "2012.07.08"]
[Round "2"]
[White "Grant, Alan G"]
[Black "McGeoch, Kenny R"]
[Result "1/2-1/2"]
[WhiteElo "2155"]
[BlackElo "1846"]
[PlyCount "122"]
[EventDate "2012.07.07"]
[EventType "swiss"]
[EventRounds "9"]
[EventCountry "SCO"]
[Source "Chess Scotland"]
[SourceDate "2012.07.24"]

1. Nf3 Nf6 2. c4 c5 3. Nc3 e6 4. g3 b6 5. Bg2 Bb7 6. O-O Be7 7. d4 cxd4 8. Qxd4
O-O 9. Bg5 a6 10. Rad1 h6 11. Bxf6 Bxf6 12. Qf4 Ra7 13. Rd3 Qe7 14. e4 Bxc3 15.
Rxc3 Rc8 16. Rfc1 Bc6 17. a3 a5 18. h4 a4 19. g4 Na6 20. g5 h5 21. Ne5 g6 22.
Nxc6 dxc6 23. Qe3 Qc5 24. Rd1 Qxe3 25. Rxe3 Nc5 26. e5 Kf8 27. Rd6 Rac7 28. f4
Nb7 29. Rd4 Nc5 30. Re1 Ke7 31. Red1 Ke8 32. Kf1 Ke7 33. Kf2 Ke8 34. Rd6 Ke7
35. Ke3 Ke8 36. Kd2 Nb7 37. Rd4 Rd8 38. Kc3 Rxd4 39. Rxd4 Nd8 40. Rd6 Ke7 41.
Kb4 b5 42. c5 Ke8 43. Ka5 Ra7+ 44. Kb6 Rb7+ 45. Ka6 Rc7 46. Bf1 Ke7 47. Be2 Ke8
48. Bf3 Ke7 49. Ka5 Ra7+ 50. Kb4 Rc7 51. Bd1 Ra7 52. b3 axb3 53. Bxb3 Ke8 54.
a4 bxa4 55. Bxa4 Rb7+ 56. Kc3 Rc7 57. Rd4 Rb7 58. Rb4 Ra7 59. Kb3 Rd7 60. Rb6
Rc7 61. Kb4 Kd7 1/2-1/2

[Event "119th Scottish Championship"]
[Site "Glasgow"]
[Date "2012.07.08"]
[Round "2"]
[White "Buchanan, Walter F"]
[Black "Thomas, Daniel"]
[Result "1-0"]
[WhiteElo "2127"]
[BlackElo "1793"]
[PlyCount "75"]
[EventDate "2012.07.07"]
[EventType "swiss"]
[EventRounds "9"]
[EventCountry "SCO"]
[Source "Chess Scotland"]
[SourceDate "2012.07.24"]

1. e4 g6 2. d4 Bg7 3. Nc3 d6 4. Be3 Nc6 5. f4 e5 6. dxe5 dxe5 7. Qxd8+ Nxd8 8.
Nd5 Ne6 9. f5 gxf5 10. exf5 c6 11. fxe6 cxd5 12. Bb5+ Ke7 13. exf7 Kxf7 14.
O-O-O Ne7 15. Nf3 Rd8 16. Rhf1 Kg8 17. Bg5 Bf8 18. Nxe5 Be6 19. Rxf8+ Rxf8 20.
Bxe7 Rf2 21. Rd2 Rf5 22. Nf3 a6 23. Bd3 Rf7 24. Bc5 Rc8 25. Bd4 Bf5 26. Bxf5
Rxf5 27. Be5 Rd8 28. Rd4 h5 29. Kd2 b5 30. a4 Kf7 31. axb5 axb5 32. Rb4 Ke6 33.
Bc7 Rg8 34. Nd4+ Kd7 35. Nxf5 Rxg2+ 36. Kd3 Kxc7 37. Rh4 Rg5 38. Ng3 1-0

[Event "119th Scottish Championship"]
[Site "Glasgow"]
[Date "2012.07.08"]
[Round "2"]
[White "Sigurdarson, Emil"]
[Black "Mitchell, Robert"]
[Result "0-1"]
[WhiteElo "1808"]
[BlackElo "2125"]
[PlyCount "64"]
[EventDate "2012.07.07"]
[EventType "swiss"]
[EventRounds "9"]
[EventCountry "SCO"]
[Source "Chess Scotland"]
[SourceDate "2012.07.24"]

1. e4 c5 2. Nc3 Nc6 3. f4 g6 4. Nf3 Bg7 5. Bb5 Na5 6. O-O a6 7. Be2 d6 8. d3
Nc6 9. a4 Rb8 10. Qe1 e6 11. Qg3 Nge7 12. Kh1 Nd4 13. Nxd4 cxd4 14. Nb1 O-O 15.
Nd2 Bd7 16. Nf3 Rc8 17. Bd1 d5 18. f5 dxe4 19. dxe4 exf5 20. e5 Nc6 21. Re1 Re8
22. Bf4 Be6 23. Qh3 Bd5 24. Qg3 Qb6 25. b3 Nb4 26. Rc1 Na2 27. Ra1 Nc3 28. Rc1
Ne4 29. Qh4 f6 30. exf6 Bxf6 31. Qh6 Nf2+ 32. Kg1 Ng4 0-1

[Event "119th Scottish Championship"]
[Site "Glasgow"]
[Date "2012.07.08"]
[Round "2"]
[White "McKenna, Jason P"]
[Black "Hardarson, Jon Trausti"]
[Result "1/2-1/2"]
[WhiteElo "2115"]
[BlackElo "1774"]
[PlyCount "124"]
[EventDate "2012.07.07"]
[EventType "swiss"]
[EventRounds "9"]
[EventCountry "SCO"]
[Source "Chess Scotland"]
[SourceDate "2012.07.24"]

1. e4 c5 2. Nf3 d6 3. d4 cxd4 4. Nxd4 Nf6 5. Nc3 g6 6. Be3 Bg7 7. f3 O-O 8. Qd2
Nc6 9. Bc4 Bd7 10. h4 h5 11. O-O-O Rc8 12. Bb3 Ne5 13. Bg5 Rc5 14. Kb1 b5 15.
g4 hxg4 16. h5 Nxh5 17. Nd5 Re8 18. Rxh5 gxh5 19. Rh1 Nc4 20. Bxc4 Rxc4 21. c3
b4 22. Bh6 e6 23. Bxg7 Kxg7 24. Rxh5 Rh8 25. Rxh8 Qxh8 26. Qg5+ Kf8 27. Qd8+
Kg7 28. Qf6+ Kg8 29. Qg5+ Kf8 30. Qe7+ Kg7 31. Qxd7 Qh1+ 32. Kc2 Rxd4 33. cxd4
Qg2+ 34. Kd3 exd5 35. Qxg4+ Qxg4 36. fxg4 dxe4+ 37. Kxe4 Kf6 38. Kd5 Kg5 39.
Kxd6 Kxg4 40. d5 f5 41. Kc5 f4 42. d6 f3 43. d7 f2 44. d8=Q f1=Q 45. Qg8+ Kh5
46. Qh7+ Kg5 47. Qg7+ Kh5 48. Qe5+ Kg6 49. Kxb4 Qf8+ 50. Kb5 Qf1+ 51. Ka5 Qf2
52. Qe6+ Kg7 53. b4 Qb2 54. Qg4+ Kf7 55. Qc4+ Ke8 56. a4 Kd8 57. Qg8+ Kc7 58.
Qf7+ Kb8 59. Qe8+ Kb7 60. Qd7+ Kb8 61. Qd8+ Kb7 62. Qe7+ Kc8 1/2-1/2

[Event "119th Scottish Championship"]
[Site "Glasgow"]
[Date "2012.07.08"]
[Round "2"]
[White "Bolt, Graham"]
[Black "Zamvar, Vipin"]
[Result "1-0"]
[WhiteElo "2071"]
[BlackElo "1676"]
[PlyCount "117"]
[EventDate "2012.07.07"]
[EventType "swiss"]
[EventRounds "9"]
[EventCountry "SCO"]
[Source "Chess Scotland"]
[SourceDate "2012.07.24"]

1. g3 g6 2. Bg2 Bg7 3. d3 Nf6 4. Nc3 e5 5. e4 Nc6 6. f4 d6 7. Nf3 Bg4 8. h3 Be6
9. O-O Nh5 10. Kh2 exf4 11. gxf4 Qd7 12. d4 Bc4 13. Re1 O-O-O 14. Be3 Kb8 15.
a4 Ne7 16. b3 Ba6 17. b4 b6 18. a5 b5 19. Qd2 f5 20. Ng5 Rdf8 21. d5 fxe4 22.
Ne6 Rf7 23. Nxg7 Nxg7 24. Qd4 Nc8 25. Nxe4 Rhf8 26. Ng5 Nf5 27. Qd3 Nxe3 28.
Rxe3 Re7 29. Ne6 Rf6 30. Rae1 Ref7 31. c3 Ne7 32. Ng5 Rg7 33. Qd4 Rgf7 34. Nxf7
Rxf7 35. Re6 Bb7 36. Qe3 Nf5 37. Re8+ Bc8 38. Qe6 a6 39. Qxd7 Rxd7 40. Bf3 h5
41. Rg8 Rg7 42. Rxg7 Nxg7 43. Re7 Nf5 44. Re8 Kb7 45. Rg8 Nh4 46. Be4 Nf5 47.
Rxg6 Ne3 48. Rg1 Bd7 49. Re1 Nf5 50. Bxf5 Bxf5 51. Kg3 c6 52. dxc6+ Kxc6 53.
Re3 Kd5 54. Kh4 Bg6 55. Kg5 Bf7 56. Kf6 Bg8 57. f5 Kc4 58. Kg7 Bd5 59. f6 1-0

[Event "119th Scottish Championship"]
[Site "Glasgow"]
[Date "2012.07.08"]
[Round "2"]
[White "Rysbaeva, Korlan"]
[Black "Lees, Fraser A"]
[Result "1-0"]
[WhiteElo "2057"]
[BlackElo "1648"]
[PlyCount "66"]
[EventDate "2012.07.07"]
[EventType "swiss"]
[EventRounds "9"]
[EventCountry "SCO"]
[Source "Chess Scotland"]
[SourceDate "2012.07.24"]

1. e4 g6 2. d4 Bg7 3. Nf3 d6 4. Nc3 Nf6 5. Be2 O-O 6. O-O e5 7. h3 Nc6 8. Bg5
h6 9. Be3 a6 10. Qc1 Kh7 11. dxe5 dxe5 12. Bc5 Re8 13. Rd1 Bd7 14. Bc4 Kg8 15.
Be3 Na5 16. Be2 Kh7 17. b4 Nc6 18. Bc4 Qc8 19. Bxf7 Rf8 20. Bc4 Nh5 21. Bc5
Rxf3 22. gxf3 Nd4 23. Bxd4 exd4 24. Nd5 Qf8 25. Bf1 Be5 26. Bg2 c6 27. f4 Nxf4
28. Nxf4 Bxf4 29. Qa3 Qf6 30. c3 d3 31. Rxd3 Be6 32. Rad1 h5 33. c4 Rf8 {
Unable to read rest of scoresheets} 1-0

[Event "119th Scottish Championship"]
[Site "Glasgow"]
[Date "2012.07.08"]
[Round "2"]
[White "Burnett, Walter"]
[Black "Deary, Daniel"]
[Result "1-0"]
[WhiteElo "2015"]
[BlackElo "1269"]
[PlyCount "95"]
[EventDate "2012.07.07"]
[EventType "swiss"]
[EventRounds "9"]
[EventCountry "SCO"]
[Source "Chess Scotland"]
[SourceDate "2012.07.24"]

1. f4 d5 2. Nf3 Nf6 3. g3 c5 4. Bg2 Nc6 5. d3 Bf5 6. c3 e6 7. Ne5 Qc7 8. Qa4
Be7 9. e4 Bg6 10. O-O O-O 11. Nxc6 bxc6 12. Nd2 h6 13. c4 Rfd8 14. Qc2 Rab8 15.
Re1 d4 16. Nf3 Nd7 17. e5 Rb7 18. Re2 Rdb8 19. b3 Bf5 20. h3 h5 21. Nh2 a5 22.
Qd1 Ra8 23. a4 Nb8 24. g4 hxg4 25. hxg4 Bh7 26. Be4 Bxe4 27. Rxe4 Na6 28. g5 g6
29. Ng4 Kf8 30. Qc2 Ke8 31. Ba3 Kd7 32. Rb1 Rh8 33. Nh6 Rh7 34. Qf2 Bf8 35. f5
gxf5 36. Nxf5 Qd8 37. Rg4 Be7 38. Nxe7 Qxe7 39. Rxd4+ Kc7 40. Rg4 Nb4 41. Bxb4
cxb4 42. d4 Rg7 43. Qe3 Rb8 44. d5 exd5 45. cxd5 cxd5 46. Qa7+ Rb7 47. Rc1+ Kd8
48. Qa8+ 1-0

[Event "119th Scottish Championship"]
[Site "Glasgow"]
[Date "2012.07.08"]
[Round "2"]
[White "Floros, Antonios"]
[Black "Nepveu, Manuel"]
[Result "0-1"]
[WhiteElo "1780"]
[BlackElo "1955"]
[PlyCount "84"]
[EventDate "2012.07.07"]
[EventType "swiss"]
[EventRounds "9"]
[EventCountry "SCO"]
[Source "Chess Scotland"]
[SourceDate "2012.07.24"]

1. e4 e6 2. d4 d5 3. Nd2 Be7 4. Bd3 c5 5. exd5 cxd4 6. Bb5+ Bd7 7. dxe6 fxe6 8.
Bxd7+ Qxd7 9. Ndf3 Nc6 10. Bf4 Nf6 11. Ne5 Nxe5 12. Bxe5 Bb4+ 13. c3 dxc3 14.
bxc3 Qxd1+ 15. Rxd1 Ba5 16. Ne2 O-O 17. O-O Rac8 18. Rd3 Nd5 19. g3 Rc4 20. Nf4
Nxf4 21. gxf4 Bc7 22. Rd7 Rf7 23. Rfd1 Bxe5 24. fxe5 Rxd7 25. Rxd7 Rxc3 26.
Rxb7 Ra3 27. Rb2 Kf7 28. Kg2 Kg6 29. f4 Kf5 30. Rf2 a5 31. Kf1 Ra4 32. Rc2
Rxf4+ {score sheets illegible} 33. Rf2 Rxf2+ 34. Kxf2 Kf4 35. Ke2 Kxe5 36. Ke3
a4 37. a3 Kd5 38. Kd3 e5 39. h3 e4+ 40. Ke3 Ke5 41. Ke2 Kd4 42. Kd2 Kc4 0-1

[Event "119th Scottish Championship"]
[Site "Glasgow"]
[Date "2012.07.08"]
[Round "2"]
[White "Robinson, Stephen CE"]
[Black "Karlsson, Mikael"]
[Result "1/2-1/2"]
[WhiteElo "1710"]
[BlackElo "1929"]
[PlyCount "95"]
[EventDate "2012.07.07"]
[EventType "swiss"]
[EventRounds "9"]
[EventCountry "SCO"]
[Source "Chess Scotland"]
[SourceDate "2012.07.24"]

1. b4 d5 2. Bb2 Nf6 3. e3 e6 4. a3 Nbd7 5. f4 c5 6. bxc5 Bxc5 7. Nf3 O-O 8. Nc3
b6 9. d4 Be7 10. Bd3 Bb7 11. Nd2 Rc8 12. Qf3 Re8 13. g4 Nf8 14. g5 N6d7 15. h4
b5 16. Nxb5 Qa5 17. Ke2 Rxc2 18. Bxc2 Qxb5+ 19. Bd3 Qxb2 20. Rab1 Qxa3 21. Rxb7
Bb4 22. Rb1 a5 23. Rb3 Qc1 24. R3xb4 axb4 25. Rxb4 Rc8 26. Rb1 Qc3 27. f5 Ra8
28. fxe6 fxe6 29. Rf1 Qb4 30. Qf7+ Kh8 31. h5 Ra7 32. Rd1 Qd6 33. Rf1 Qb4 34.
Rd1 Qd6 35. Qf4 e5 36. dxe5 Qxe5 37. Qxe5 Nxe5 38. Rf1 Kg8 39. Rf5 Nfd7 40. g6
hxg6 41. hxg6 Rb7 42. Ba6 Nxg6 43. Rxd5 Nf6 44. Rf5 Ne7 45. Bc4+ Kf8 46. Ra5
Nc6 47. Rf5 Ke7 48. Bb5 1/2-1/2